Get more money on your next job-- in any economy / (Record no. 482)
[ view plain ]
| 000 -LEADER | |
|---|---|
| fixed length control field | 00528nam a22001937a 4500 |
| 005 - DATE AND TIME OF LATEST TRANSACTION | |
| control field | 20140607040053.0 |
| 008 - FIXED-LENGTH DATA ELEMENTS--GENERAL INFORMATION | |
| fixed length control field | 081119s2009 nyu 001 0 eng |
| 020 ## - INTERNATIONAL STANDARD BOOK NUMBER | |
| International Standard Book Number | 9780071621380 |
| 024 #0 - OTHER STANDARD IDENTIFIER | |
| Terms of availability | eng |
| 080 ## - UNIVERSAL DECIMAL CLASSIFICATION NUMBER | |
| Universal Decimal Classification number | 331.108.4 |
| 100 1# - Rafti | |
| Rafti | Miller, Lee E. |
| 245 10 - TITLE STATEMENT | |
| Title | Get more money on your next job-- in any economy / |
| Statement of responsibility, etc | Lee E. Miller. |
| 250 ## - | |
| -- | Rev. and updated. |
| 260 ## - | |
| -- | New York : |
| -- | McGraw-Hill, |
| -- | 2009. |
| 300 ## - | |
| -- | 241 f. ; |
| -- | 23 cm. |
| 500 ## - | |
| -- | Index f.233-241 |
| 650 #0 - | |
| -- | Kontrata e Punës |
| 942 ## - ADDED ENTRY ELEMENTS (KOHA) | |
| Source of classification or shelving scheme | |
| Item type | Books |
| Withdrawn status | Lost status | Source of classification or shelving scheme | Damaged status | Not for loan | Collection code | Permanent location | Current location | Shelving location | Date acquired | Total Checkouts | Full call number | Barcode | Date last seen | Koha item type |
|---|---|---|---|---|---|---|---|---|---|---|---|---|---|---|
| Koleksioni i përgjithshem | UBT - Ferizaj | UBT - Ferizaj | Koleksioni i përgjithshem | 06/07/2014 | 331.108.4 MILL | 003000566 | 06/07/2014 | Books | ||||||
| Koleksioni i përgjithshem | UBT - Ferizaj | UBT - Ferizaj | Koleksioni i përgjithshem | 06/07/2014 | 331.108.4 MILL | 003000567 | 06/07/2014 | Books | ||||||
| Koleksioni i përgjithshem | UBT - Ferizaj | UBT - Ferizaj | Koleksioni i përgjithshem | 06/07/2014 | 331.108.4 MILL | 003000568 | 06/07/2014 | Books | ||||||
| Koleksioni i përgjithshem | UBT - Ferizaj | UBT - Ferizaj | Koleksioni i përgjithshem | 06/07/2014 | 331.108.4 MILL | 003000569 | 06/07/2014 | Books | ||||||
| Koleksioni i përgjithshem | UBT - Ferizaj | UBT - Ferizaj | Koleksioni i përgjithshem | 06/07/2014 | 331.108.4 MILL | 003000570 | 06/07/2014 | Books | ||||||
| Koleksioni i përgjithshem | UBT - Ferizaj | UBT - Ferizaj | Koleksioni i përgjithshem | 06/07/2014 | 331.108.4 MILL | 003000571 | 06/07/2014 | Books | ||||||
| Koleksioni i përgjithshem | UBT - Ferizaj | UBT - Ferizaj | Koleksioni i përgjithshem | 06/07/2014 | 331.108.4 MILL | 003000572 | 06/07/2014 | Books | ||||||
| Koleksioni i përgjithshem | UBT - Ferizaj | UBT - Ferizaj | Koleksioni i përgjithshem | 06/07/2014 | 331.108.4 MILL | 003000573 | 06/07/2014 | Books | ||||||
| Koleksioni i përgjithshem | UBT - Ferizaj | UBT - Ferizaj | Koleksioni i përgjithshem | 06/07/2014 | 331.108.4 MILL | 003000574 | 06/07/2014 | Books | ||||||
| Koleksioni i përgjithshem | UBT - Ferizaj | UBT - Ferizaj | Koleksioni i përgjithshem | 06/07/2014 | 331.108.4 MILL | 003000575 | 06/07/2014 | Books |